Manejo del rodeo de cría /

Guardado en:
Autor Principal: Carrillo, Jorge
Formato: Libro
Publicado: Balcarce - Argentina : Centro Regional Buenos Aires Sur, 1986
Materias:
Etiquetas: Agregar Etiqueta
Sin Etiquetas, Sea el primero en etiquetar este registro!
LEADER 00580nam a22001935a 4500
001 CEM.cems016808
005 20090831150901.0
008 130507s1986##################000#0#####d
003 CEMS
082 0 4 |a 636.2 
100 1 |a Carrillo, Jorge 
245 1 0 |a Manejo del rodeo de cría /  |c Jorge Carrillo, Guillermo Schiersmann 
260 |a Balcarce - Argentina :  |b Centro Regional Buenos Aires Sur,  |c 1986 
300 |a 97 p. 
653 |a Sanidad animal 
653 |a Rodeos de cría 
653 |a Destete 
653 |a Forraje 
859 |a CEMS  |b BIB. CEMS - Agricultura  |h 636.2  |i C235-1  |p A18241.95  |t Ej.1